00387cam a2200133 i 4500020001500000040000800015082002700023100002100050245005400071260003100125300003500156500003400191650002800225 a047106582X cDLC00a332 WIL 1977 A010 Or. 1 aWiley, Robert J.10aReal estate investment :banalysis and strategy / aNew York :bWiley,cc1977. aviii, 374 p. :bill. ;c25 cm. a"A Ronald Press publication." 0aReal estate investment.